header

Values-driven business (Record no. 57088)

MARC details
000 -LEADER
fixed length control field 01484nam a22003614a 4500
082 04 - DEWEY DECIMAL CLASSIFICATION NUMBER
Classification number 658.4/08
100 1# - MAIN ENTRY--AUTHOR NAME
Personal name Cohen, Ben
245 10 - TITLE STATEMENT
Title Values-driven business
250 ## - EDITION STATEMENT
Edition statement 1st ed.
260 ## - PUBLICATION, DISTRIBUTION, ETC. (IMPRINT)
Place of publication San Francisco, CA :
Name of publisher Berrett-Koehler Publishers ;
Place of publication Berkeley :
Name of publisher Publishers Group West [distributor],
Year of publication c2006.
300 ## - PHYSICAL DESCRIPTION
Number of Pages xxix, 156 p. :
Other physical details ill.
490 1# - SERIES STATEMENT
Series statement The social venture network series
650 #0 - SUBJECT ADDED ENTRY--TOPICAL TERM
Topical Term Social responsibility of business.
Topical Term Industrial management
700 1# - ADDED ENTRY--PERSONAL NAME
Personal name Warwick, Mal.
856 40 - ELECTRONIC LOCATION AND ACCESS
Uniform Resource Identifier http://site.ebrary.com/lib/rucke/Doc?id=10315355

No items available.

© 2026 Rongo University
Contact us: librarian | system librarian | Rongo university